Compo de l'équipe de France 2025. - Statistiques

Statistiques générales
  • Ce quiz a été pris 84 fois
  • Le résultat moyen est 9 sur 11
Statistiques - réponses
Postes Noms % Correct
Gardien Maignan
99%
Attaquant Mbappé
99%
Attaquant Dembélé
94%
Défense Koundé
83%
Défense Konaté
81%
Milieu Rabiot
80%
Défense Saliba
80%
Milieu Tchouaméni
76%
Défense Digne
70%
Attaquant Kolo Muani
54%
Milieu Guendouzi
34%
Aucun quiz correspondant
Distribution des résultats
% des personnes avec chaque résultat
Percentile par nombre de réponses
Votre historique - résultats
Vous n’avez pas pris ce quiz